The Town and Country Planning (Miscellaneous Amendments) (Scotland) Regulations 2009 (Record no. 109730)
[ view plain ]
| 000 -LEADER | |
|---|---|
| fixed length control field | 02106cad a22003135a 4500 |
| 001 - CONTROL NUMBER | |
| control field | E147805 |
| 008 - FIXED-LENGTH DATA ELEMENTS--GENERAL INFORMATION | |
| fixed length control field | 090619s2009 xxk f s000 0 eng d |
| 035 ## - SYSTEM CONTROL NUMBER | |
| System control number | (Sirsi) u147805 |
| 041 0# - LANGUAGE CODE | |
| Language code of text/sound track or separate title | eng |
| 110 2# - MAIN ENTRY--CORPORATE NAME | |
| Corporate name or jurisdiction name as entry element | Scotland |
| Form subheading | Laws, etc |
| 245 04 - TITLE STATEMENT | |
| Title | The Town and Country Planning (Miscellaneous Amendments) (Scotland) Regulations 2009 |
| Medium | [electronic resource] |
| 260 ## - PUBLICATION, DISTRIBUTION, ETC. | |
| Place of publication, distribution, etc. | Edinburgh |
| Name of publisher, distributor, etc. | Scottish Government |
| Date of publication, distribution, etc. | 2009 |
| 490 #0 - SERIES STATEMENT | |
| Series statement | Scottish Statutory Instrument |
| Volume/sequential designation | 2009: 220 |
| 520 ## - SUMMARY, ETC. | |
| Summary, etc. | These Regulations make amendments to the Town and Country Planning (Appeals) (Written Submissions Procedure) (Scotland) Regulations 1990; the Town and Country Planning (Enforcement of Control) (No. 2) (Scotland) Regulations 1992; Town and Country Planning (Appeals) (Scotland) Regulations 2008; the Town and Country Planning (Schemes of Delegation and Local Review Procedure) (Scotland) Regulations 2008; the Town and Country Planning (Development Planning) (Scotland) Regulations 2008 and the Town and Country Planning (Development Management Procedure) (Scotland) Regulations 2008. |
| 520 ## - SUMMARY, ETC. | |
| Summary, etc. | Comes into force 3 August 2009. |
| 521 ## - TARGET AUDIENCE NOTE | |
| Target audience note | Advanced |
| 590 ## - LOCAL NOTE (RLIN) | |
| Local note | KA |
| 650 24 - SUBJECT ADDED ENTRY--TOPICAL TERM | |
| Topical term or geographic name entry element | TOWN AND COUNTRY PLANNING (MISCELLANEOUS AMENDMENTS) (SCOTLAND) REGULATIONS 2009 |
| 650 24 - SUBJECT ADDED ENTRY--TOPICAL TERM | |
| Topical term or geographic name entry element | TOWN AND COUNTRY PLANNING (APPEALS) (WRITTEN SUBMISSIONS PROCEDURE) (SCOTLAND) REGLATIONS 1990 |
| 650 24 - SUBJECT ADDED ENTRY--TOPICAL TERM | |
| Topical term or geographic name entry element | TOWN AND COUNTRY PLANNING (ENFORCEMENT OF CONTROL) (NO. 2) (SCOTLAND) REGULATIONS 1992 |
| 650 24 - SUBJECT ADDED ENTRY--TOPICAL TERM | |
| Topical term or geographic name entry element | TOWN AND COUNTRY PLANNING (APPEALS) (SCOTLAND) REGULATIONS 2008 |
| 650 24 - SUBJECT ADDED ENTRY--TOPICAL TERM | |
| Topical term or geographic name entry element | TOWN AND COUNTRY PLANNING (SCHEMES OF DELEGATION AND LOCAL REVIEW PROCEDURE) (SCOTLAND) REGULATIONS 2008 |
| 650 24 - SUBJECT ADDED ENTRY--TOPICAL TERM | |
| Topical term or geographic name entry element | TOWN AND COUNTRY PLANNING (DEVELOPMENT PLANNING) (SCOTLAND) REGULATIONS 2008 |
| 650 24 - SUBJECT ADDED ENTRY--TOPICAL TERM | |
| Topical term or geographic name entry element | TOWN AND COUNTRY PLANNING (DEVELOPMENT MANAGEMENT PROCEDURE) (SCOTLAND) REGULATIONS 2008 |
| 651 #4 - SUBJECT ADDED ENTRY--GEOGRAPHIC NAME | |
| Geographic name | Scotland |
| Chronological subdivision | 1999- |
| 690 ## - LOCAL SUBJECT ADDED ENTRY--TOPICAL TERM (OCLC, RLIN) | |
| Topical term or geographic name as entry element | Planning and development |
| 9 (RLIN) | 6259 |
| 856 40 - ELECTRONIC LOCATION AND ACCESS | |
| Uniform Resource Identifier | <a href="https://www.opsi.gov.uk/legislation/scotland/ssi2009/ssi_20090220_en_1">https://www.opsi.gov.uk/legislation/scotland/ssi2009/ssi_20090220_en_1</a> |
| Public note | View the statutory instrument free of charge at www.opsi.gov.uk... |
| 942 ## - ADDED ENTRY ELEMENTS (KOHA) | |
| Suppress in OPAC | 0 |
| Withdrawn status | Lost status | Source of classification or shelving scheme | Damaged status | Not for loan | Home library | Current library | Shelving location | Date acquired | Total Checkouts | Full call number | Barcode | Date last seen | Copy number | Price effective from | Koha item type |
|---|---|---|---|---|---|---|---|---|---|---|---|---|---|---|---|
| Dewey Decimal Classification | Virtual | Virtual | Online | 19/06/2009 | ONLINE PUBLICATION | 147805-2001 | 06/08/2019 | 1 | 06/08/2019 | Book |